[Event "RSA-chT U12"]
[Site "Cape Town"]
[Date "2016.01.04"]
[Round "2.9"]
[White "Janse van Rensburg, Joshua"]
[Black "Katz, Sasha"]
[Result "0-1"]
[WhiteElo "738"]
[BlackElo "1197"]
[PlyCount "70"]
[EventDate "2016.01.04"]
[EventType "team-tourn"]
[EventRounds "7"]
[EventCountry "RSA"]
[SourceTitle "CBM 170 Extra"]
[Source "ChessBase"]
[SourceDate "2016.02.25"]
[SourceVersion "1"]
[SourceVersionDate "2016.02.25"]
[SourceQuality "1"]
[WhiteTeam "Johannesburg Metro"]
[BlackTeam "Western Province"]
[WhiteTeamCountry "RSA"]
[BlackTeamCountry "RSA"]

1. e4 c5 2. Nf3 Nc6 3. Nc3 g6 4. Bc4 Bg7 5. 0-0 d6 6. h3 Nf6 7. d3 0-0 8. Be3 e6 9. Qd2 b6 10. Rad1 d5 11. exd5 exd5 12. Bxd5 Nxd5 13. Bg5 Nf6 14. Rfe1 Be6 15. Ne5 Qd6 16. Bf4 Nh5 17. Nb5 Qb8 18. Nxc6 Qxf4 19. Qxf4 Nxf4 20. d4 Kh8 21. g3 Nxh3+ 22. Kh2 Nxf2 23. Rd2 Ng4+ 24. Kg1 Bd7 25. d5 Bxc6 26. dxc6 Rfc8 27. Red1 Ne5 28. Kg2 Nxc6 29. Nd6 Rf8 30. Kf3 Rad8 31. Rd5 Be5 32. Nxf7+ Rxf7+ 33. Ke4 Rxd5 34. Kxd5 Rd7+ 35. Kxc6 Rxd1 0-1